000 00386nam a2200157Ia 4500
008 151213s9999 xx 000 0 und d
020 _a0-14-062175-x
100 _aHerman Melville
245 _aBilly Budd, Sailors
_cHerman Melville
260 _aLondon
_bPenguing Books
300 _a7112 p.
650 _aEnglish
650 _aEnglish
700 _aHerman Melville
999 _c3764
_d3764